00548nam a2200193 a 4500001001300000003000900013005001700022008004100039020000800080082001300088100001800101245007100119260005800190300000900248500003500257505001000292650003400302700001800336nice12345678IN_TiNIC20260116011523.0050524s1953 para grp 000 0 eng  ac000a027bVAJ aVajda, George aIndex General Des Manuscripsts Arabes Musulmans De La Bibloitheque aParisbCentre Nationalde La Recherche Scientifuc1953 a742p aincludes index and biblioraphy2 aIndex aManuscripts-Library-Catalogue1 aVajda, George